| 000 | 00941nam a2200265Ia 4500 | ||
|---|---|---|---|
| 003 | OSt | ||
| 005 | 20220918171423.0 | ||
| 006 | a|||||r|||| 00| 0 | ||
| 007 | ta | ||
| 008 | 220917b |||||||| |||| 00| 0 eng d | ||
| 020 |
_a9781782540908 (hbk) _c7800 |
||
| 024 | _a281,883 | ||
| 037 |
_b7237, 18/07/2014, Efficient Book Distributors _cTextual |
||
| 040 |
_aARTS _cARTS _beng |
||
| 041 |
_2eng _aeng |
||
| 082 | _aX.46, Q4 | ||
| 100 |
_aAltomonte Carlo Ed. _936468 |
||
| 245 | 0 |
_aEconomic and political aftermath of the arab spring _b Perspective from middle east and north African countries |
|
| 260 |
_aCheltenham _bEdward Elgar Publishing Ltd. UK _c2014 |
||
| 300 |
_avii,235p. _ccm. |
||
| 650 | _aECONOMICS | ||
| 700 |
_a Ferrara Massimiliano Ed. _936469 |
||
| 942 |
_hX.46, Q4 _cTEXL _2CC |
||
| 999 |
_c139503 _d139503 |
||